Comarques tocant al mar, de nord a sud i amb mapa. (Catalunya) - Statistics

General Stats
  • This quiz has been taken 86 times
  • The average score is 11 of 12
Answers on the Map
Answers color-coded by a green-red scale on the quiz's map according to % correct below.
 
Answer Stats
Answer % Correct
Alt Empordà
99%
Barcelonès
96%
Maresme
96%
Baix Empordà
94%
Garraf
94%
Selva
94%
Baix Llobregat
93%
Montsià
90%
Baix Camp
87%
Baix Penedès
87%
Baix Ebre
84%
Tarragonès
83%
No matching quizzes found
Score Distribution
Percent of People with Each Score
Percentile by Number Answered
Your Score History
You have not taken this quiz